<?xml version="1.0" encoding="UTF-8"?>
<collection xmlns:xsi="http://www.w3.org/2001/XMLSchema-instance" xsi:schemaLocation="http://www.loc.gov/MARC21/slim http://www.loc.gov/standards/marcxml/schema/MARC21slim.xsd" xmlns="http://www.loc.gov/MARC21/slim">
 <record>
  <leader>00000cam a22000004i 4500</leader>
  <controlfield tag="001">UP-8027390931316334858</controlfield>
  <controlfield tag="003">Buklod</controlfield>
  <controlfield tag="005">20240520122421.0</controlfield>
  <controlfield tag="006">a     r    |||| u|</controlfield>
  <controlfield tag="007">ta</controlfield>
  <controlfield tag="008">140227s2014    caua    rb   |001 0|eng d</controlfield>
  <datafield tag="020" ind1=" " ind2=" ">
   <subfield code="a">9781611329049 (paperback)</subfield>
  </datafield>
  <datafield tag="020" ind1=" " ind2=" ">
   <subfield code="z">9781611329063 (consumer ebook)</subfield>
  </datafield>
  <datafield tag="035" ind1=" " ind2=" ">
   <subfield code="a">(iLib)UPMIN-00033433227</subfield>
  </datafield>
  <datafield tag="040" ind1=" " ind2=" ">
   <subfield code="a">DLC</subfield>
   <subfield code="b">eng</subfield>
   <subfield code="c">DLC</subfield>
   <subfield code="e">rda</subfield>
   <subfield code="d">DLC</subfield>
  </datafield>
  <datafield tag="042" ind1=" " ind2=" ">
   <subfield code="a">pcc</subfield>
  </datafield>
  <datafield tag="082" ind1="0" ind2="0">
   <subfield code="a">306.4/6</subfield>
  </datafield>
  <datafield tag="090" ind1=" " ind2="0">
   <subfield code="a">GN406</subfield>
   <subfield code="b">B473 2014</subfield>
  </datafield>
  <datafield tag="100" ind1="1" ind2=" ">
   <subfield code="a">Berger, Arthur Asa</subfield>
   <subfield code="d">1933-</subfield>
  </datafield>
  <datafield tag="245" ind1="1" ind2="0">
   <subfield code="a">What objects mean</subfield>
   <subfield code="b">an introduction to material culture</subfield>
   <subfield code="c">Arthur Asa Berger.</subfield>
  </datafield>
  <datafield tag="250" ind1=" " ind2=" ">
   <subfield code="a">Second Edition.</subfield>
  </datafield>
  <datafield tag="300" ind1=" " ind2=" ">
   <subfield code="a">269 pages</subfield>
   <subfield code="b">illustrations</subfield>
   <subfield code="c">23 cm</subfield>
  </datafield>
  <datafield tag="500" ind1=" " ind2=" ">
   <subfield code="a">S. Sanchez (Recommending faculty) AY 2022-2023</subfield>
  </datafield>
  <datafield tag="504" ind1=" " ind2=" ">
   <subfield code="a">Includes bibliographical references (pages 253-261) and index.</subfield>
  </datafield>
  <datafield tag="505" ind1="8" ind2=" ">
   <subfield code="a">Machine generated contents note: Preface Part I: Theoretical Approaches to Material Culture Chapter 1: Making Sense of Material Culture Chapter 2: A Freudian Psychoanalytic Approach Chapter 3: Semiotic Approaches to Material Culture Chapter 4: Sociological Analysis of Material Culture Chapter 5: Economic Theory, Marxism, and Material Culture Chapter 6: Cultural Theory and Material Culture Chapter 7: Archaeological Theory and Material Culture Part II: Applications Chapter 8: Exchange: Kula Objects Chapter 9: Style: Blue Jeans Chapter 10: Technology: Smartphone Chapter 11: Globalization: Coca-Cola Chapter 12: Identity: Blonde Hair Dye Chapter 13: Transformations: Books Chapter 14: Reality: Facebook Chapter 15: Shape: Milk Cartons Chapter 16: Diffusion: Bagels Chapter 17: Narratives: Manga Chapter 18: Nationalism: American Flag Part III: Material Culture Games Bibliography Index About the Author.</subfield>
  </datafield>
  <datafield tag="520" ind1=" " ind2=" ">
   <subfield code="a">&quot;Arthur Asa Berger, author of an array of texts in communication, popular culture, and social theory, is back with the second edition of his popular, user-friendly guide for students who want to understand the social meanings of objects. In this broadly interdisciplinary text, Berger takes the reader through half a dozen theoretical models that are commonly used to analyze objects. He then describes and analyzes eleven objects, many of them new to this edition-including  smartphones, Facebook, hair dye, and the American flag-showing how they demonstrate concepts like globalization, identity, and nationalism. The book includes a series of exercises that allow students to analyse objects in their own environment. Brief and inexpensive, this introductory guide will be used in courses ranging from anthropology to art history, pop culture to psychology&quot;--Provided by publisher.</subfield>
  </datafield>
  <datafield tag="650" ind1=" " ind2="0">
   <subfield code="a">Material culture.</subfield>
  </datafield>
  <datafield tag="650" ind1=" " ind2="0">
   <subfield code="a">Material culture</subfield>
   <subfield code="x">Philosophy.</subfield>
  </datafield>
  <datafield tag="650" ind1=" " ind2="0">
   <subfield code="a">Culture</subfield>
   <subfield code="x">Semiotic models.</subfield>
  </datafield>
  <datafield tag="650" ind1=" " ind2="7">
   <subfield code="a">SOCIAL SCIENCE / Popular Culture.</subfield>
   <subfield code="2">bisacsh.</subfield>
  </datafield>
  <datafield tag="658" ind1=" " ind2=" ">
   <subfield code="a">Fundamentals of Design in Communication and Media</subfield>
   <subfield code="c">CMA106.</subfield>
  </datafield>
  <datafield tag="905" ind1=" " ind2=" ">
   <subfield code="a">FO</subfield>
  </datafield>
  <datafield tag="852" ind1="0" ind2=" ">
   <subfield code="a">UPMIN</subfield>
   <subfield code="b">UPMIN-MAIN</subfield>
   <subfield code="h">GN406 .B473 2014</subfield>
  </datafield>
  <datafield tag="942" ind1=" " ind2=" ">
   <subfield code="a">Book</subfield>
  </datafield>
 </record>
</collection>
